000 00681nam a2200229 a 4500
001 000023793
005 20200930022455.0
008 110113s1974 sp 000 p spa d
020 _a8430305491
040 _aDO-SdBNP
_bspa
_cBNPHU
082 _a861.5
_bC198poe
100 1 _aCampoamor, Ramón de,
_d1817-1901
_99880
245 1 0 _aPoesías de Ramón de Campoamor /
_cRamón de Campoamor.
260 _aBarcelona :
_bRamón Sopena,
_c1974.
300 _a2 v. ;
_c17 cm.
490 1 _aBiblioteca Sopena.
_v549, 550
650 4 _aPoesía española
_9631
650 4 _aLiteratura española
_9632
830 0 _aBiblioteca Sopena;
_v549, 550
_912815
910 _aWM
049 _aBNGR
999 _c23289
_d23289